000
00292nam a2200109Ia 4500
005
20251222144724.0
008
251222s9999||||xx |||||||||||||| ||spa||
082
_a
371.332/M22
100
_a
Manrique Fernandez, Luis Silverio
245
0
_a
Métodos Activos y Técnicas Didácticas
942
_c
LIB
999
_c
18343
_d
18343